| 000 | 00434nam a2200181Ia 4500 | ||
|---|---|---|---|
| 001 | 4073 | ||
| 005 | 20260306145729.0 | ||
| 008 | 260306t1998||||xx |||||||||||||| ||spa|| | ||
| 041 | _aESP | ||
| 082 |
_a306.85 _bH12 Nº 36 |
||
| 100 |
_aVásquez Vega, Antonio _eAUT |
||
| 245 | 0 | _aNoviazgo para un tiempo nuevo | |
| 260 | _c1998 | ||
| 300 |
_a185 páginas : _c19 cm. |
||
| 650 | _aGEN | ||
| 654 | _aCED | ||
| 942 |
_cLIB _dJUS _fJUS _2ddc _n |
||
| 999 |
_c4073 _d4073 |
||